Premi Nobel italiani - Statistics

Statistiche generali
  • Questo quiz è stato fatto 83 volte
  • Il punteggio medio è 9 su 21
Statistiche sulle risposte
Hint Risposta % Corretto
Letteratura, 1934 Luigi Pirandello
86%
Fisica, 1938 Enrico Fermi
81%
Medicina, 1986 Rita Levi-Montalcini
77%
Letteratura, 1997 Dario Fo
76%
Letteratura, 1975 Eugenio Montale
73%
Letteratura, 1926 Grazia Deledda
73%
Letteratura, 1906 Giosuè Carducci
65%
Letteratura, 1959 Salvatore Quasimodo
59%
Fisica, 1909 Guglielmo Marconi
47%
Fisica, 1984 Carlo Rubbia
36%
Fisica, 2021 Giorgio Parisi
36%
Chimica, 1963 Giulio Natta
30%
Scienza, 1906 Camillo Golgi
26%
Medicina, 1975 Renato Dulbecco
26%
Pace, 1907 Ernesto Teodoro Moneta
22%
Economia, 1985 Franco Modigliani
15%
Fisica, 1959 Emiliano Segrè
11%
Medicina, 2007 Mario Capecchi
9%
Fisica, 2002 Riccardo Giacconi
9%
Medicina, 1957 Daniel Bovet
8%
Medicina, 1969 Salvatore Luria
8%
Nessun quiz corrispondente trovato
Distribuzione punteggi
Percentuale di utenti per punteggio
Percentile per numero di risposta
I tuoi punteggi nel tempo
Non hai fatto questo quiz